2026 FIFA World Cup Teams - Sudden Death - Statistics

General Stats
  • This quiz has been taken 272 times
    19 since last reset
  • The average score is 22 of 32
Answers on the Grid
Answers color-coded by a green-red scale on the quiz's grid according to % correct below.
Switzerland
Germany
Czechia
Croatia
Costa Rica
Sweden
Honduras
Paraguay
South Africa
Poland
Saudi Arabia
Hungary
Estonia
Ecuador
Bahrain
England
Scotland
Curaçao
United Arab Emirates
Brazil
Cameroon
Tunisia
Haiti
Mexico
Venezuela
Armenia
Norway
Canada
Qatar
Kazakhstan
Israel
Spain
Cape Verde
United States
Jordan
Russia
Serbia
Greece
Portugal
Nigeria
Iran
Cyprus
Algeria
Peru
Uruguay
Uzbekistan
Chile
France
Austria
Wales
Japan
Morocco
 
Answer Stats
Answer % Correct
Germany
91%
Sweden
91%
Switzerland
91%
Brazil
82%
Croatia
82%
Scotland
82%
Canada
73%
Ecuador
73%
England
73%
France
73%
Iran
73%
Japan
73%
Mexico
73%
Morocco
73%
Portugal
73%
United States
73%
Austria
64%
Cape Verde
64%
Norway
64%
Qatar
64%
Saudi Arabia
64%
South Africa
64%
Spain
64%
Uruguay
64%
Uzbekistan
64%
Algeria
55%
Curaçao
55%
Czechia
55%
Haiti
55%
Paraguay
55%
Jordan
45%
Tunisia
36%
No matching quizzes found
Score Distribution
Percent of People with Each Score
Percentile by Number Answered
Your Score History
You have not taken this quiz since the last reset